foundations of software testing : ISTQB certification \ (Record no. 3519)
[ view plain ]
| 000 -LEADER | |
|---|---|
| fixed length control field | 00721nac a22001811u 4500 |
| 020 ## - INTERNATIONAL STANDARD BOOK NUMBER | |
| International Standard Book Number | 139781844803552 |
| 020 ## - INTERNATIONAL STANDARD BOOK NUMBER | |
| International Standard Book Number | 101844803554 |
| 082 ## - DEWEY DECIMAL CLASSIFICATION NUMBER | |
| Classification number | 005.14 |
| Item number | G7601 |
| 090 ## - LOCALLY ASSIGNED LC-TYPE CALL NUMBER (OCLC); LOCAL CALL NUMBER (OCLC) | |
| -- | 3519 |
| -- | 3519 |
| 100 ## - MAIN ENTRY--PERSONAL NAME | |
| Personal name | Graham, Dorothy |
| 245 ## - TITLE STATEMENT | |
| Title | foundations of software testing : ISTQB certification \ |
| Remainder of title | ISTQB certification |
| Statement of responsibility, etc | Dorothy Graham, Erik Van Veenendaal , Isabel Evans, Rex Black |
| 260 ## - PUBLICATION, DISTRIBUTION, ETC. (IMPRINT) | |
| Place of publication, distribution, etc | London: |
| Name of publisher, distributor, etc | Thomson,2007 |
| Date of publication, distribution, etc | 2007 |
| 300 ## - PHYSICAL DESCRIPTION | |
| Extent | xii, 258 p. |
| Other physical details | ill; |
| Dimensions | 25 cm. |
| 650 ## - SUBJECT ADDED ENTRY--TOPICAL TERM | |
| Topical term or geographic name as entry element | Computer software |
| 650 ## - SUBJECT ADDED ENTRY--TOPICAL TERM | |
| Topical term or geographic name as entry element | software testing |
| 942 ## - ADDED ENTRY ELEMENTS (KOHA) | |
| Item type | Book - Borrowing |
| Call number prefix | 005.14G7601 |
| Withdrawn status | Item status | Source of classification or shelving scheme | Damaged status | Not for loan | Home library | Current library | Shelving location | Date acquired | Source of acquisition | Total Checkouts | Total Renewals | Full call number | Barcode | Date last seen | Date last borrowed | Koha item type |
|---|---|---|---|---|---|---|---|---|---|---|---|---|---|---|---|---|
| Dewey Decimal Classification | Central Library | Central Library | Lower Floor | 23/04/2007 | Purchase | 7 | 9 | 005.14 GRA | 000030017 | 15/07/2025 | 27/09/2017 | Book - Borrowing |